| 000 | 00767nam a2200229 a 4500 | ||
|---|---|---|---|
| 001 | BRCA_4116 | ||
| 005 | 20190320204541.0 | ||
| 008 | 120410s1953----enka######---#000-0#eng-# | ||
| 041 | _aeng | ||
| 044 | _aenk | ||
| 050 | 4 |
_aF2224 _b.S68 1953 |
|
| 245 | 1 | 0 |
_aThe South American handbook _ba Year Book and Guide to the Countries and Resources of South & Central America, Mexico and Cuba _cedited by Howell Davies. |
| 260 |
_aLondon _bTrade and Travel _c1953 |
||
| 300 |
_a786 p. _bil., mapa plegable _c18 cm. |
||
| 500 | _aC144 | ||
| 651 | 4 |
_aCuba _xDescripción y viajes _97983 |
|
| 651 | 4 |
_aMéxico _xDescripción y viajes _9103 |
|
| 651 | 4 |
_aAmérica del Sur _xDescripción y viajes _98178 |
|
| 700 | 1 |
_aDavies, Howell _eed. _910646 |
|
| 902 | _aGFM | ||
| 942 |
_2lcc _cB |
||
| 999 |
_c3832 _d3832 |
||